000
00315nam a2200121Ia 4500
008
190216s9999||||xx |||||||||||||| ||und||
100
_a
Major Mehar Singh&Amp; Sarna D
245
0
_a
Indian-Airlines Examination
260
_b
Bright Careers
_c
1984
300
_a
110p
650
_a
Air Lines Examination
942
_c
REF
999
_c
35537
_d
35537